| 000 | 04634nam a22004937a 4500 | ||
|---|---|---|---|
| 005 | 20120411115531.0 | ||
| 010 | _aENG-105308 B-489458-477 | ||
| 020 |
_a9789325956179 _c365.00 |
||
| 035 | _aEN-88841 B-489458-477 | ||
| 037 | _bDBAD/PUB | ||
| 037 | _bAllied Pub | ||
| 082 | _a541.3 | ||
| 100 |
_aSharma, K.K. _955018 |
||
| 245 |
_aA textbook of physical chemistry / _cby K.K.Sharma [and] L.K.Sharma |
||
| 250 | _a5th ed | ||
| 260 |
_aNoida _bVikas Publishing House _c2012 |
||
| 270 |
_aE-28,Sector-8, _bNoida _e201301 |
||
| 300 |
_axiv,737p. _c24cm(pbk) |
||
| 500 | _aIncludes index | ||
| 700 |
_aSharma, L.K. _947138 |
||
| 942 |
_2ddc _cEN _mSHA _h541.3 |
||
| 999 |
_c66680 _d66680 |
||